Library Banner

Couple and family therapy (Record no. 57204)

MARC details
000 -LEADER
fixed length control field 00512nam a2200181Ia 4500
001 - CONTROL NUMBER
control field 59876
008 - FIXED-LENGTH DATA ELEMENTS--GENERAL INFORMATION
fixed length control field 140520s9999 xx 000 0 und d
020 ## - INTERNATIONAL STANDARD BOOK NUMBER
International Standard Book Number 9781433813627
040 ## - CATALOGING SOURCE
Transcribing agency PK-LaUMT
082 ## - DEWEY DECIMAL CLASSIFICATION NUMBER
Classification number 616.89156
Item number LEB-C
100 ## - MAIN ENTRY--PERSONAL NAME
Personal name Lebow, Jay L.
245 ## - TITLE STATEMENT
Title Couple and family therapy
Remainder of title an integrative map of the territory
Statement of responsibility, etc Lebow, Jay L.
260 ## - PUBLICATION, DISTRIBUTION, ETC. (IMPRINT)
Place of publication, distribution, etc Washington,USA:
Name of publisher, distributor, etc American Psychological Association,
Date of publication, distribution, etc 2014
300 ## - PHYSICAL DESCRIPTION
Extent 310 p.
546 ## - LANGUAGE NOTE
Language note EN
650 ## - SUBJECT ADDED ENTRY--TOPICAL TERM
Topical term or geographic name as entry element Family psychotherpay
942 ## - ADDED ENTRY ELEMENTS (KOHA)
Koha item type Books
Holdings
Withdrawn status Lost status Damaged status Not for loan Home library Current library Date acquired Total Checkouts Full call number Barcode Date last seen Date checked out Price effective from Koha item type
        UMT Main Campus UMT Main Campus 2014-05-20 2 616.89156 LEB-C 81832 2021-02-19 2021-02-08 2014-05-21 Books